Je "prehaberované"

Bibliographic Details
Main Authors: Habera, Pavol, 1962- (Author), Ťapajová, Elena, 1944-2023 (Author)
Format: Article
Language:Slovak
Subjects:

MARC

LEADER 00000nab a2200000 a 4500
001 vtls000544253
003 SK-MaSNL
005 20260303215235.0
008 160216c1995 xo 0 slo
015 |a SNBRB19rr/mm-uuuuu 
035 |a CL0544391 
040 |a SNKBUCL  |b slo  |c SNKBUCL  |e AACR2 
041 0 |a slo 
044 |a xo  |c SK 
080 |a 78.071.1/.2:784.66  |2 1981 
080 |a 784.66  |2 1981 
080 |a 792.071.2  |2 1981 
080 |a 929 Habera, Pavol  |2 1981 
100 1 |a Habera, Pavol,  |d 1962-  |4 aut  |9 98859 
245 1 0 |a Je "prehaberované"  |c Pavol Habera, Elena Ťapajová 
300 |b Fotogr. 1 
500 |a Na dok. chybne uvedený roč. (46) 
600 1 7 |a Habera, Pavol,  |d 1962-  |2 snkbucl  |9 98859 
655 7 |a články z novín a časopisov  |2 snkbucl  |9 267496 
700 1 |a Ťapajová, Elena,  |d 1944-2023  |4 aut  |9 5234 
773 0 |t Slovenka  |g Roč. 48, č. 13 (1995), s. 18-19 
850 |a Slovenská národná knižnica v Martine  |a MTA001 
852 |a SNK  |b KIS3GCP 
958 |a BX 
958 |a RK 
958 |a SK 
992 |a RBX 
999 |c 2220621  |d 2222551